| 000 | 00648nam a2200169 a 4500 | ||
|---|---|---|---|
| 005 | 20140412111235.0 | ||
| 008 | 010530s19uu xx 00 eng d | ||
| 020 | _a971-511-397-4 | ||
| 050 |
_aFil E _bDu85 1995 |
||
| 100 | _aGatmaitan, Luis | ||
| 245 |
_aSi Duglit: ang dugong makulit / _cStory by Luis Gatmaitan, M.D.; illustrated by Leo Cultura. |
||
| 260 |
_aManila : _bHiyas Children's Collection, _c1995. |
||
| 300 | _a1v. (unp.) ; ill. | ||
| 520 | _aHow important is a blodd cell to a man's life? This was discovered by Duglit, the youngest blood cell inside Mang Omeng's body. | ||
| 650 | _aHealth-Juvenile literature | ||
| 999 |
_c102380 _d102380 |
||